Normal view
MARC view
- MONKS, JOSEPH G
Entry Personal Name
001 - CONTROL NUMBER
- control field: 65258
003 - CONTROL NUMBER IDENTIFIER
- control field: NUST
005 - DATE AND TIME OF LATEST TRANSACTION
- control field: 20210628203415.0
008 - FIXED-LENGTH DATA ELEMENTS
- fixed length control field: 210628|| aca||aabn | a|a d
040 ## - CATALOGING SOURCE
- Original cataloging agency: NUST
- Transcribing agency: NUST
100 ## - HEADING--PERSONAL NAME
- Personal name: MONKS, JOSEPH G
670 ## - SOURCE DATA FOUND
- Source citation: Work cat.: (NUST): MONKS, JOSEPH G., OPERATIONS MANAGMENT , THEORY AND PROBLEMS, 1987
